<?xml version="1.0" encoding="UTF-8"?><?xml-stylesheet type="text/xsl" href="static/style.xsl"?><OAI-PMH xmlns="http://www.openarchives.org/OAI/2.0/" xmlns:xsi="http://www.w3.org/2001/XMLSchema-instance" xsi:schemaLocation="http://www.openarchives.org/OAI/2.0/ http://www.openarchives.org/OAI/2.0/OAI-PMH.xsd"><responseDate>2026-06-07T15:52:56Z</responseDate><request verb="GetRecord" identifier="oai:docta.ucm.es:20.500.14352/60380" metadataPrefix="marc">https://docta.ucm.es/rest/oai/request</request><GetRecord><record><header><identifier>oai:docta.ucm.es:20.500.14352/60380</identifier><datestamp>2024-10-29T14:04:07Z</datestamp><setSpec>com_20.500.14352_14</setSpec><setSpec>col_20.500.14352_15</setSpec></header><metadata><record xmlns="http://www.loc.gov/MARC21/slim" xmlns:dcterms="http://purl.org/dc/terms/" xmlns:xsi="http://www.w3.org/2001/XMLSchema-instance" xmlns:doc="http://www.lyncode.com/xoai" xsi:schemaLocation="http://www.loc.gov/MARC21/slim http://www.loc.gov/standards/marcxml/schema/MARC21slim.xsd">
   <leader>00925njm 22002777a 4500</leader>
   <datafield ind2=" " ind1=" " tag="042">
      <subfield code="a">dc</subfield>
   </datafield>
   <datafield ind2=" " ind1=" " tag="720">
      <subfield code="a">Del Nero Beneitez, María Olga</subfield>
      <subfield code="e">author</subfield>
   </datafield>
   <datafield ind2=" " ind1=" " tag="720">
      <subfield code="a">Macorra García, José Carlos De La</subfield>
      <subfield code="e">author</subfield>
   </datafield>
   <datafield ind2=" " ind1=" " tag="260">
      <subfield code="c">1999</subfield>
   </datafield>
   <datafield ind2=" " ind1=" " tag="520">
      <subfield code="a">The objectives of this research were (1) to analyze the variations of the permeability of dentin after restoration with two polyacid-modified resin composites (Compoglass, Dyract) and four single-bottle adhesives (Prime &amp; BOnd 2.0, Syntac Single Component, OptiBond Solo, and Single Bond -Scotch Bond 1 in Europe- immediately (approximately 1 hour) after insertion. A perfusion system with distilled water was used at a pressure of 32.5 cm of water; (2) to study the bond strength of their interfaces; and (3) to find the correlation, if any, between both parameters. None of the materials used produces a complete cessation in fluid filtration. Tensile strengths were very low (maximum: P&amp;B=3.96MPa) probably because of the very large bonding surfaces used (mean bonded surface area = 88.8mm²). No significant correlation was found between tensile bond strength and the sealing ability for any material.</subfield>
   </datafield>
   <datafield ind1="8" ind2=" " tag="024">
      <subfield code="a">0361-7734</subfield>
   </datafield>
   <datafield ind1="8" ind2=" " tag="024">
      <subfield code="a">https://hdl.handle.net/20.500.14352/60380</subfield>
   </datafield>
   <datafield ind2="0" ind1="0" tag="245">
      <subfield code="a">Sealing and Dentin Bond Strengths of Adhesive Systems</subfield>
   </datafield>
</record></metadata></record></GetRecord></OAI-PMH>